Effect of KNO3 doses in hydroponic solution on tomato grown at royal university of agriculture's crop station ឥទ្ធិពលនៃកំហាប់ប៉ូតាស្យូមនីដ្រាត លើការលូតលាសដំណាំប៉េងប៉ោះក្នុងសូលុយស្យុងនៅស្ថានីយ៏ពិសោធន៏ដំណាំ សាកលវិទ្យាល័យភូមិន្ទកសិកម្ម (Record no. 736)

000 -LEADER
fixed length control field 00825nam a22001577a 4500
003 - CONTROL NUMBER IDENTIFIER
control field OSt
005 - DATE AND TIME OF LATEST TRANSACTION
control field 20150918163056.0
008 - FIXED-LENGTH DATA ELEMENTS--GENERAL INFORMATION
fixed length control field 150918b xxu||||| |||| 00| 0 eng d
040 ## - CATALOGING SOURCE
Transcribing agency RUA
082 ## - DEWEY DECIMAL CLASSIFICATION NUMBER
Classification number AGR PEC 2006 B034 Or.1
100 ## - MAIN ENTRY--PERSONAL NAME
9 (RLIN) 769
Personal name PECH, HY.
245 ## - TITLE STATEMENT
Title Effect of KNO3 doses in hydroponic solution on tomato grown at royal university of agriculture's crop station ឥទ្ធិពលនៃកំហាប់ប៉ូតាស្យូមនីដ្រាត លើការលូតលាសដំណាំប៉េងប៉ោះក្នុងសូលុយស្យុងនៅស្ថានីយ៏ពិសោធន៏ដំណាំ សាកលវិទ្យាល័យភូមិន្ទកសិកម្ម
260 ## - PUBLICATION, DISTRIBUTION, ETC. (IMPRINT)
Place of publication, distribution, etc. Phnom Penh
Name of publisher, distributor, etc. RUA
Date of publication, distribution, etc. 2006
300 ## - PHYSICAL DESCRIPTION
Extent 45p.
Other physical details ill.
Dimensions 29cm.
942 ## - ADDED ENTRY ELEMENTS (KOHA)
Source of classification or shelving scheme
Koha item type AGR

No items available.

មជ្ឈមណ្ឌលឯការនៃសាកលវិទ្យាល័យភូមិន្ទកសិកម្មចំការដូង

Powered by Koha